Normal view
MARC view
- Dr Arshad, Asst. Prof
Entry Personal Name
001 - CONTROL NUMBER
- control field: 48317
003 - CONTROL NUMBER IDENTIFIER
- control field: NUST
005 - DATE AND TIME OF LATEST TRANSACTION
- control field: 20210314134028.0
008 - FIXED-LENGTH DATA ELEMENTS
- fixed length control field: 210314|| aca||aabn | a|a d
040 ## - CATALOGING SOURCE
- Original cataloging agency: NUST
- Transcribing agency: NUST
100 ## - HEADING--PERSONAL NAME
- Personal name: Dr Arshad, Asst. Prof
670 ## - SOURCE DATA FOUND
- Source citation: Work cat.: (NUST): Syed Ishtiaq Ahmad 48316, Analysis and treatment proposal for the industrial fluent of gadoon amazai industrial area, Swabi/ , c2014
